|
|
|
|
| LEADER |
01455nam a22003252a 4500 |
| 001 |
000143879 |
| 003 |
CZ BrMZK |
| 005 |
20141219090217.0 |
| 007 |
ta |
| 008 |
010907s1958 xr f cze d |
| 015 |
|
|
|a cnb000682833
|
| 035 |
|
|
|a (OCoLC)85460228
|
| 040 |
|
|
|a BOA001
|b cze
|c BOA001
|
| 041 |
1 |
|
|a cze
|a lat
|h lat
|
| 100 |
1 |
|
|a Erasmus Rotterdamský, Desiderius,
|d asi 1466-1536
|7 jn19981000990
|4 aut
|
| 245 |
1 |
0 |
|a Humanismi et pacis praedicator =
|b Humanismi et pacis praedicator : querela pacis undique gentium eiectae profligataeque /
|c Erasmus Roterodamus ; uspořádal Otokar Chlup
|
| 246 |
3 |
1 |
|a Humanismi et pacis praedicator
|
| 250 |
|
|
|a 1. vyd.
|
| 260 |
|
|
|a Praha :
|b Státní pedagogické nakladatelství,
|c 1958
|
| 300 |
|
|
|a 114 s.
|
| 546 |
|
|
|a Souběžný latinský text
|
| 500 |
|
|
|a Dostupné též v digitální podobě v aplikaci Kramerius
|
| 700 |
1 |
|
|a Chlup, Otokar,
|d 1875-1965
|7 jk01050214
|4 com
|
| 856 |
4 |
1 |
|u http://www.digitalniknihovna.cz/mzk/uuid/uuid:f5a6b6c0-644a-11e6-86b1-005056827e51
|y Digitalizovaný dokument
|x NDK
|
| 910 |
|
|
|a BOA001
|b 2-0406.047
|b PK-0019.796
|
| 920 |
|
|
|a 000215998
|
| 990 |
|
|
|a BK
|
| 996 |
6 |
|
|b 2619953053
|c 2-0406.047
|l MZK
|r Sklad / do 24 hodin
|n 5
|w 000143879
|u 000010
|a 1
|e BOA001
|j MZK50
|s P
|
| 996 |
7 |
|
|b 3119670273
|c PK-0019.796
|l MZK
|r Sklad / do 1 hodiny
|n 2
|w 000143879
|u 000030
|a 1
|e BOA001
|j MZK50
|s A
|
| 996 |
7 |
|
|b 3119947985
|c PK-0019.796
|l MZK
|r Sklad / do 1 hodiny
|n 9
|w 000143879
|u 000020
|a 1
|e BOA001
|j MZK50
|s A
|